Jednoduchosť v zisťovaní stavu zásob
Riadenie zásob a informácia o ich stave. Využívanie záznamov o zásobách na určenie stavu zásob. Maloobchodná inventúrna metóda. Metóda približného percenta obchodného rozpätia.
Guardado en:
| Autor principal: | |
|---|---|
| Formato: | Capítulo de libro |
| Lenguaje: | eslovaco |
| Materias: | |
| Etiquetas: |
Sin Etiquetas, Sea el primero en etiquetar este registro!
|
MARC
| LEADER | 00000naa a2200000 4500 | ||
|---|---|---|---|
| 001 | r021374 | ||
| 005 | 20230811094535.2 | ||
| 041 | 0 | |a slo | |
| 044 | |a SK | ||
| 245 | 1 | 0 | |a Jednoduchosť v zisťovaní stavu zásob |c Štefan Majtán |
| 520 | |a Riadenie zásob a informácia o ich stave. Využívanie záznamov o zásobách na určenie stavu zásob. Maloobchodná inventúrna metóda. Metóda približného percenta obchodného rozpätia. | ||
| 610 | 2 | 0 | |a zásoby |
| 610 | 2 | 0 | |a hospodárenie podnikové |
| 610 | 2 | 0 | |a hospodárstvo podnikové |
| 610 | 2 | 0 | |a metódy účtovné |
| 100 | 1 | |a Majtán, Štefan | |